UBT Library

PARADISE LOST PANTINGS ON PAPER FROM THE 1940s AND 1950s (Record no. 60205)

000 -LEADER
fixed length control field 00317nam a22001337a 4500
008 - FIXED-LENGTH DATA ELEMENTS--GENERAL INFORMATION
fixed length control field 230829b ||||| |||| 00| 0 eng d
041 ## - LANGUAGE CODE
Language code of text/sound track or separate title eng
080 ## - UNIVERSAL DECIMAL CLASSIFICATION NUMBER
Universal Decimal Classification number 7
082 ## - DEWEY DECIMAL CLASSIFICATION NUMBER
Classification number 7
100 ## - Rafti
Rafti 19
101 ## - Shkurtesa
Shkurtesa ART
245 ## - TITLE STATEMENT
Title PARADISE LOST PANTINGS ON PAPER FROM THE 1940s AND 1950s
Statement of responsibility, etc CLIFFORD ODETSE
942 ## - ADDED ENTRY ELEMENTS (KOHA)
Source of classification or shelving scheme
Item type Books

No items available.

UBT Library © 2015-2024. All rights reserved University Education for Business and Technology